Focus on health / (Record no. 3957)
[ view plain ]
| 000 -LEADER | |
|---|---|
| fixed length control field | 00851cam a2200277 a 4500 |
| 001 - CONTROL NUMBER | |
| control field | 15976017 |
| 003 - CONTROL NUMBER IDENTIFIER | |
| control field | GZU |
| 005 - DATE AND TIME OF LATEST TRANSACTION | |
| control field | 20210310145126.0 |
| 008 - FIXED-LENGTH DATA ELEMENTS--GENERAL INFORMATION | |
| fixed length control field | 091106s2011 nyua b 001 0 eng |
| 010 ## - LIBRARY OF CONGRESS CONTROL NUMBER | |
| LC control number | 2009047282 |
| 020 ## - INTERNATIONAL STANDARD BOOK NUMBER | |
| International Standard Book Number | 9780073380896 (alk. paper) |
| 020 ## - INTERNATIONAL STANDARD BOOK NUMBER | |
| International Standard Book Number | 007338089X (alk. paper) |
| 040 ## - CATALOGING SOURCE | |
| Original cataloging agency | DLC |
| Transcribing agency | DLC |
| Modifying agency | DLC |
| 050 00 - LIBRARY OF CONGRESS CALL NUMBER | |
| Classification number | RA776 |
| Item number | .HAH 2011 |
| 100 1# - MAIN ENTRY--PERSONAL NAME | |
| Personal name | Hahn, Dale B. |
| Relator term | author |
| 245 10 - TITLE STATEMENT | |
| Title | Focus on health / |
| Statement of responsibility, etc. | Dale B. Hahn, Wayne A. Payne, Ellen B. Lucas. |
| 250 ## - EDITION STATEMENT | |
| Edition statement | 10th ed. |
| 260 ## - PUBLICATION, DISTRIBUTION, ETC. | |
| Place of publication, distribution, etc. | New York : |
| Name of publisher, distributor, etc. | McGraw-Hill, |
| Date of publication, distribution, etc. | c2011. |
| 300 ## - PHYSICAL DESCRIPTION | |
| Extent | xix, 486 p. : |
| Other physical details | col. ill. ; |
| Dimensions | 28 cm. |
| 504 ## - BIBLIOGRAPHY, ETC. NOTE | |
| Bibliography, etc. note | Includes bibliographical references and index. |
| 650 #0 - SUBJECT ADDED ENTRY--TOPICAL TERM | |
| Topical term or geographic name entry element | Health. |
| 700 1# - ADDED ENTRY--PERSONAL NAME | |
| Personal name | Payne, Wayne A. |
| Relator term | author |
| 700 1# - ADDED ENTRY--PERSONAL NAME | |
| Personal name | Mauer, Ellen. |
| Relator term | author |
| 906 ## - LOCAL DATA ELEMENT F, LDF (RLIN) | |
| a | 7 |
| b | cbc |
| c | orignew |
| d | 1 |
| e | ecip |
| f | 20 |
| g | y-gencatlg |
| 942 ## - ADDED ENTRY ELEMENTS (KOHA) | |
| Source of classification or shelving scheme | Library of Congress Classification |
| Koha item type | Books |
| Classification part | 776 |
| Item part | HAH |
| Call number prefix | RA |
| Withdrawn status | Lost status | Source of classification or shelving scheme | Damaged status | Not for loan | Collection code | Home library | Current library | Shelving location | Date acquired | Total Checkouts | Full call number | Barcode | Date last seen | Copy number | Price effective from | Koha item type | Inventory number |
|---|---|---|---|---|---|---|---|---|---|---|---|---|---|---|---|---|---|
| Library of Congress Classification | Non-fiction | City Campus Library | City Campus Library | General Stacks | 03/10/2021 | RA776 HAH 2011 | 003542 | 03/10/2021 | c.1 | 03/10/2021 | Books | ||||||
| Library of Congress Classification | Non-fiction | City Campus Library | City Campus Library | General Stacks | 03/10/2021 | RA776 HAH 2011 | 007017 | 03/10/2021 | c. 2 | 03/10/2021 | Books | ||||||
| Library of Congress Classification | Non-fiction | City Campus Library | City Campus Library | General Stacks | 03/10/2021 | RA776 HAH 2011 | 003538 | 03/10/2021 | c. 3 | 03/10/2021 | Books | ||||||
| Library of Congress Classification | Non-fiction | City Campus Library | City Campus Library | General Stacks | 03/10/2021 | RA776 HAH 2011 | 007018 | 03/10/2021 | c. 4 | 03/10/2021 | Books | ||||||
| Library of Congress Classification | Non-fiction | City Campus Library | City Campus Library | General Stacks | 03/11/2021 | RA776 HAH 2011 | 007763 | 03/11/2021 | c. 5 | 03/11/2021 | Books | ||||||
| Non-fiction | Mashava Campus Library | Mashava Campus Library | General Stacks | 05/18/2021 | RA776 HAH 2011 | 007019 | 05/18/2021 | c-6 | 05/18/2021 | Books | 17051 | ||||||
| Non-fiction | Mashava Campus Library | Mashava Campus Library | General Stacks | 05/18/2021 | RA776 HAH 2011 | 007024 | 05/18/2021 | c-7 | 05/18/2021 | Books | 17047 | ||||||
| Non-fiction | Mashava Campus Library | Mashava Campus Library | General Stacks | 05/18/2021 | RA776 HAH 2011 | 007759 | 05/18/2021 | c-8 | 05/18/2021 | Books | 15708 | ||||||
| Non-fiction | Mashava Campus Library | Mashava Campus Library | General Stacks | 05/18/2021 | RA776 HAH 2011 | 007025 | 05/18/2021 | C-9 | 05/18/2021 | Books | 17045 | ||||||
| Non-fiction | Mashava Campus Library | Mashava Campus Library | General Stacks | 05/18/2021 | RA776 HAH 2011 | 007764 | 05/18/2021 | c-10 | 05/18/2021 | Books | 15707 | ||||||
| Non-fiction | Mashava Campus Library | Mashava Campus Library | General Stacks | 05/18/2021 | RA776 HAH 2011 | 007027 | 05/18/2021 | c-11 | 05/18/2021 | Books | 17046 | ||||||
| Non-fiction | Mashava Campus Library | Mashava Campus Library | General Stacks | 05/18/2021 | RA776 HAH 2011 | 007030 | 05/18/2021 | c-12 | 05/18/2021 | Books | 17044 |